000 00437nam a2200133Ia 4500
003 GCL
008 140319s9999 xx 000 0 ara d
040 _aGCL /
_cGCL
082 0 4 _a190
_bل ا
245 1 0 _aاخلاقهم واخلاقنا وجهتا النظر الماركسية والليبرالية فى المثل الاخلاقية
260 _a[S.N] :
_bدار الافاق الجديدة ،
_c1985
300 _a103 ص
490 _a
999 _c54463
_d54463